| 000 | 00428nam a2200133Ia 4500 | ||
|---|---|---|---|
| 008 | 231017s9999 xx 000 0 und d | ||
| 082 | _a388.312 | ||
| 082 | _bSMI | ||
| 245 | 0 | _aInvestigation of System Operations Performance Measures for the Virginia Department of Transportation (Final Contract Report VTRC 07.CR16) | |
| 245 | 0 | _cB. Brian L. Smith. PhD | |
| 260 | _bB. Brian L. Smith. PhD | ||
| 300 | _c30cm | ||
| 942 | _cREP | ||
| 999 |
_c604378 _d604378 |
||